|
|
|
|
| LEADER |
01261nam a2200253 a 4500 |
| 001 |
3483752 |
| 008 |
091117s1993 bg a b 001 0 eng d |
| 010 |
|
|
|a \\\93908356
|
| 020 |
|
|
|a 9840512188 :
|c Tk250.00
|
| 040 |
|
|
|a DLC
|c DLC
|d DLC
|
| 082 |
0 |
0 |
|a 338/.064/095492
|2 20
|
| 100 |
1 |
|
|a Huq, M. M.
|
| 245 |
1 |
0 |
|a Machinery manufacturing in Bangladesh :
|b an industry study with particular reference to technological capability /
|c M. Mozammel Huq, K.M. Nabiul Islam, Nazrul Islam.
|
| 260 |
|
|
|a Dhaka, Bangladesh :
|b University Press Ltd.,
|c 1993.
|
| 300 |
|
|
|a 175 p. :
|b ill. ;
|c 22 cm.
|
| 500 |
|
|
|a "Published in collaboration with Bangladesh Institute of Development Studies, Dhaka and Developing Countries Research Unit of the University of Strathclyde, Glasgow, U.K."--T.p. verso.
|
| 504 |
|
|
|a Includes bibliographical references (p. [165]-172) and index.
|
| 541 |
1 |
|
|e 00008308
|
| 650 |
|
0 |
|a Machinery industry
|x Technological innovations
|z Bangladesh.
|
| 700 |
2 |
|
|a Nabiul Islam, K. M.
|
| 700 |
1 |
|
|a Islam, Nazrul,
|c Dr.
|
| 852 |
4 |
|
|a Ayesha Abed Library
|j General shelf
|
| 999 |
|
|
|c 5585
|d 5585
|
| 952 |
|
|
|0 0
|1 0
|2 ddc
|4 0
|6 338_064095492000000_HUQ_1993
|7 0
|9 5481
|a BRACUL
|b BRACUL
|c GEN
|d 2009-11-17
|g 250.00
|l 0
|o 338.064095492 HUQ
|p 3010008308
|r 2009-11-17
|t 1
|v 500.00
|w 2009-11-17
|y BK
|